=LDR 00000nam 2200000 4500 =001 000337 =005 20250710023619 =035 ##$$a 0010-0725000191 =007 ta =008 250710################a##########0#ind## =020 ##$$a 978-623-194-321-7 =082 ##$$a 398.209 598 =084 ##$$a 398.209 598 CHO r =100 #$$a Cholidatul Dewi =245 1#$$a Rahasia /$c Dewi Cholidatul =250 ##$$a Cetakan pertama =260 ##$$a Rawamangun :$b Kementeeian pendidikan, kebudayaan, riset, dan teknologi,$c 2022 =300 ##$$a 28 hlm : $b Ilus. ; $c 21 cm. =650 #4$$a Cerita anak-indonesia =650 #4$$a Cerita bergambar =990 ##$$a TBM00430043